Pokémon - La capacité Câlinerie - Statistiques

Statistiques générales
  • Ce quiz a été pris 20 fois
    15 depuis la dernière actualisation
  • Le résultat moyen est 18 sur 51
Statistiques - réponses
Niveaux Pokémon % Correct
Niveau 40 Rondoudou
82%
Départ Grodoudou
73%
Niveau 49 Mysdibule
73%
Niveau 42 Dedenne
64%
Niveau 25 Azumarill
55%
Niveau 43 Granbull
55%
Niveau 23 Marill
55%
Niveau 44 Miaouss
55%
Niveau 46 Mimiqui
55%
Niveau 25 Nymphali
55%
Niveau 37 Snubbull
55%
Niveau 48 Angoliath
45%
Niveau 46 Fourbelin
45%
Niveau 40 Grimalin
45%
Niveau 54 Persian
45%
Niveau 49 Sucroquin
45%
Niveau 43 Trousselin
45%
Niveau 25 Ursaring
45%
Départ Arcanin
36%
Niveau 35 Caninos
36%
Niveau 49 Cupcanaille
36%
Niveau 58 Léopardus
36%
Niveau 63 Mastouffe
36%
Niveau 25 Teddiursa
36%
Niveau 25 Ursaking
36%
Niveau 49 Chacripan
27%
Départ Niveau 31 Chaffreux
27%
Niveau 50 Chaglam
27%
Départ Delcatty
27%
Départ Linéon
27%
Niveau 44 Miaouss d'Alola
27%
Départ Monaflèmit
27%
Niveau 36 Parecool
27%
Niveau 54 Persian d'Alola
27%
Niveau 52 Ponchien
27%
Niveau 45 Ponchiot
27%
Niveau 46 Skitty
27%
Départ Vigoroth
27%
Niveau 55 Fulgudog
18%
Niveau 56 Grahyèna
18%
Niveau 49 Guérilande
18%
Niveau 46 Medhyèna
18%
Niveau 45 Voltoutou
18%
Niveau 45 Charibari
9%
Niveau 45 Ecremeuh
9%
Niveau 31 Laporeille
9%
Niveau 31 Lockpin
9%
Niveau 43 Lumivole
9%
Niveau 43 Muciole
9%
Niveau 51 Pachyradjah
9%
Niveau 43 Pijako
0%
Aucun quiz correspondant
Distribution des résultats
% des personnes avec chaque résultat
Percentile par nombre de réponses
Votre historique - résultats
Vous n’avez pas pris ce quiz depuis la dernière actualisation